| 000 | 01720cam a2200469 a 4500 | ||
|---|---|---|---|
| 001 | 20965 | ||
| 003 | VRT | ||
| 005 | 20260207123700.0 | ||
| 008 | 230403s1951 xo 000 d slo | ||
| 015 | _aSNBA19451955-004226 | ||
| 035 | _aSK01SNKBKSFS20010067483 | ||
| 035 | _aurn:nbn:sk:snk-am3hyq1 | ||
| 035 | _a2E0C5155-272C-4337-B402-EF9DDED46C02 | ||
| 035 | _aurn:nbn:sk:snk-am00ddqe | ||
| 035 | _aSKM000069946 | ||
| 039 | 9 |
_a202304032045 _bVLOAD _c202212050954 _dVLOAD _c202205120825 _dVLOAD _c202010060859 _dcsnkv15 |
|
| 040 |
_aSNK _bslo _cSNK _eAACR2 |
||
| 041 | 1 |
_aslo _hrum |
|
| 044 |
_axo _cSK |
||
| 080 |
_a859.0-2 _21981 |
||
| 100 | 1 |
_aCheta, Gheorghe _4aut |
|
| 240 | 1 | 0 |
_aEchipa de noapte _lSlovensky |
| 245 | 1 | 0 |
_aNočná smena _bhra v jednom dejstve _cGheorghe Cheta ; [z rumunčiny (Echipa de noapte) preložil Ondrej Repka] |
| 250 | _a1. vyd. | ||
| 260 |
_aMartin _bMatica slovenská _c1951 _eMartin _fNeografia |
||
| 300 |
_a27, [1] s. _c8° |
||
| 366 | _e3300 výtl. | ||
| 490 | 1 |
_aPrekladová divadelná knižnica _vsv. 13 |
|
| 505 | 0 | _aPoznámky k réžii a k scéne, s. 27 | |
| 655 | 7 |
_arumunské drámy _2SNKPH |
|
| 700 | 1 |
_aRepka, Ondrej, _d1919- _4trl |
|
| 700 | 1 |
_aTvarožek, Eduard Vladimír, _d1920-1999 _4red |
|
| 830 | 0 | _aPrekladová divadelná knižnica | |
| 910 | _asnk | ||
| 942 |
_2ddc _cKLDO _n0 |
||
| 949 |
_617A0662584 _asnkSD 6934/13 D1 _bsnkKSF 491/58 |
||
| 949 |
_617A0662583 _asnkSD 6934/13 D2 _bsnkF 5346/62 |
||
| 949 |
_62889358807 _asavukIIIA 924 _oPv 10197 |
||
| 949 |
_6270001000515757 _asvkbbS 16933 _bsvkbbm 62824 |
||
| 949 |
_617A0912088 _asnkSD 6934/13 _bsnk2512/51 _oVIII. 3665/51 - evidenčné číslo _s6100:20190903 |
||
| 999 |
_c20965 _d20965 |
||